Statistics for Players with 1000 NRL Points

Click here to take the quiz!

General Stats

  • This quiz has been taken 8 times
  • The average score is 19 of 56

Answer Stats

PointsClubsAnswer% Correct
2176KnightsAndrew Johns
100%
2786StormCameron Smith
100%
2418BulldogsHazem El Masri
100%
2222Bulldogs, CowboysJohnathan Thurston
100%
2254Rabbitohs, BroncosAdam Reynolds
83%
1363Manly, Bears, Roosters, WarriorsIvan Cleary
83%
2374RaidersJarrod Croker
83%
1421PanthersNathan Cleary
83%
1398Warriors, SharksShaun Johnson
83%
1191BroncosDarren Lockyer
67%
1825Storm, Warriors, Roosters, Sharks, PanthersJames Maloney
67%
1442Magpies, BulldogsTerry Lamb
67%
1232Tigers, Dragons, Broncos, RabbitohsBenji Marshall
50%
1328BroncosCorey Parker
50%
2034Bears, BulldogsDaryl Halligan
50%
1160Panthers, WarriorsGreg Alexander
50%
1554Eels, ManlyJamie Lyon
50%
1280Roosters, Dragons, PanthersJamie Soward
50%
1289Magpies, Eels, TigersBrett Hodgson
33%
1228KnightsKurt Gidley
33%
1067Roosters, RabbitohsLatrell Mitchell
33%
1793EelsLuke Burt
33%
1971EelsMichael Cronin
33%
1730Panthers, Sharks, Eels, Roosters, TitansMichael Gordon
33%
1247Tigers, EelsMitchell Moses
33%
1604Crushers, Eels, RaidersClinton Schifcofske
17%
1604Illawarra, Dragons, RoostersCraig Fitzgibbon
17%
1841RabbitohsEric Simms
17%
1003Storm, DragonsGareth Widdop
17%
1554St GeorgeGraeme Langlands
17%
1917ManlyGraham Eadie
17%
2107Magpies, Bears, Northern Eagles, EelsJason Taylor
17%
1196Broncos, Perth, Rabbitohs, CowboysJulian O'Neill
17%
1360Sharks, TitansMat Rogers
17%
1331Manly, WarriorsMatthew Ridge
17%
1500Northern Eagles, Storm, Manly, RaidersMatt Orford
17%
1062BroncosMichael De Vere
17%
1092Illawarra, DragonsRod Wishart
17%
1180Magpies, Bulldogs, BalmainRoss Conlon
17%
1690Illawarra, PanthersRyan Girdler
17%
1054Cowboys, Broncos, Tigers, TitansScott Prince
17%
1388Bulldogs, St George, ManlySteve Gearin
17%
1376Sharks, St GeorgeSteve Rogers
17%
1154Magpies, RabbitohsBernie Purcell
0%
1154ManlyBob Batty
0%
1057Roosters, PanthersBob Landers
0%
1045Roosters, MagpiesDarcy Russell
0%
1218RaidersDavid Furner
0%
1296Magpies, Manly, Illawarra, BearsJohn Dorahy
0%
1519BalmainKeith Barnes
0%
1261Newtown, PanthersKen Wilson
0%
1090Tigers, SharksLuke Covell
0%
1278Magpies, Roosters, RaidersRon Giteau
0%
1288Bulldogs, Manly, EelsRon Willey
0%
1042Bulldogs, Newtown, BearsTom Kirk
0%
1158Seagulls, St George, DragonsWayne Bartrim
0%

Score Distribution

Percentile by Number Answered

Percent of People with Each Score

Your Score History

You have not taken this quiz